Normal view
MARC view
- Department for Constitutional Affairs
Entry Corporate Name
001 - CONTROL NUMBER
- control field: 4754
003 - CONTROL NUMBER IDENTIFIER
- control field: OSt
005 - DATE AND TIME OF LATEST TRANSACTION
- control field: 20190806150236.0
008 - FIXED-LENGTH DATA ELEMENTS
- fixed length control field: 050809n| aaannaabn |n ana d
040 ## - CATALOGING SOURCE
- Original cataloging agency: OSt
- Transcribing agency: OSt
110 ## - HEADING--CORPORATE NAME
- Corporate name or jurisdiction name as entry element: Department for Constitutional Affairs
410 ## - SEE FROM TRACING--CORPORATE NAME
- Corporate name or jurisdiction name as entry element: DCA
410 ## - SEE FROM TRACING--CORPORATE NAME
- Corporate name or jurisdiction name as entry element: Department of Constitutional Affairs
670 ## - SOURCE DATA FOUND
- Source citation: Department for Constitutional Affairs